| 000 | 00529nam a2200181Ia 4500 | ||
|---|---|---|---|
| 003 | OSt | ||
| 005 | 20251107130706.0 | ||
| 008 | 230104s9999||||xx |||||||||||||| ||und|| | ||
| 020 | _a9966494332 | ||
| 040 | _cChuka University Library | ||
| 050 |
_aPN 4145. _b.B8 1997 |
||
| 100 |
_aBukenya, Austin., Muigai Wa-Gachanja and Jane Nandwa _917041 |
||
| 245 | 0 | _aOral Literature: A Senior Course (Forms 3 and 4) | |
| 260 |
_aNairobi. _bLonghorn Publishers. _c1997 |
||
| 300 | _a145p. | ||
| 650 |
_aPoetry. _98742 |
||
| 942 |
_cBK _2lcc _03 |
||
| 999 |
_c5709 _d5709 |
||